System of grants-in-aid in India (Record no. 435085)

000 -LEADER
fixed length control field 00322cam a22001217a 4500
008 - FIXED-LENGTH DATA ELEMENTS--GENERAL INFORMATION
fixed length control field 180718b1959 xxu||||| |||| 00| 0 eng d
082 ## - DEWEY DECIMAL CLASSIFICATION NUMBER
Classification number L69x54 Ag15
100 ## - MAIN ENTRY--PERSONAL NAME
Personal name Agarwal, P. P.
245 ## - TITLE STATEMENT
Title System of grants-in-aid in India
Statement of responsibility, etc. by P. P. Agarwal
260 ## - PUBLICATION, DISTRIBUTION, ETC.
Place of publication, distribution, etc. Bombay
Name of publisher, distributor, etc. Asia
Date of publication, distribution, etc. 1959
300 ## - PHYSICAL DESCRIPTION
Extent 92p.
650 ## - SUBJECT ADDED ENTRY--TOPICAL TERM
Topical term or geographic name entry element Central grants
Holdings
Withdrawn status Lost status Damaged status Not for loan Permanent Location Current Location Date acquired Full call number Barcode Date last seen Price effective from Koha item type
        Indian Institute of Public Administration Indian Institute of Public Administration 2010-02-22 L69x54 Ag15 19393 2018-07-21 2018-07-21 Book
        Indian Institute of Public Administration Indian Institute of Public Administration 2010-03-29 L69x54 Ag15 19392 2018-07-21 2018-07-21 Book

Powered by Koha